[Event "Kalamazoo (WMUSO/2/17)"]
[Site "?"]
[Date "1986.??.??"]
[Round "?"]
[White "Carroll, Mitchell"]
[Black "Smalec, John"]
[Result "0-1"]
[WhiteElo "1605"]
[BlackElo "1605"]
[PlyCount "66"]
[EventDate "1986.??.??"]

{2/(17)} 1. e4 e6 2. Nf3 d5 3. e5 c5 4. Nc3 Nc6 5. d3 Nge7 6. Be2 Ng6 7. Qd2
Ngxe5 8. Nxe5 Nxe5 9. O-O Bd6 10. d4 Ng6 11. Bd3 Bd7 12. Re1 c4 13. Be2 O-O 14.
Bh5 Qh4 15. Qd1 Qxh2+ 16. Kf1 Qh1+ 17. Ke2 Qxh5+ 18. Kf1 Qxd1 19. Nxd1 e5 20.
Be3 Rae8 21. Nc3 Bb4 22. Re2 Bxc3 23. bxc3 b6 24. Rae1 exd4 25. Bxd4 Rxe2 26.
Rxe2 Re8 27. Re3 Rxe3 28. Bxe3 Bf5 29. Ke1 Bxc2 30. Kd2 Bd3 31. Kc1 Ne5 32. f3
Bf1 33. Bd4 Nd3+ 0-1

[Event "Kalamazoo (WMUSO/5/15)"]
[Site "?"]
[Date "1986.??.??"]
[Round "?"]
[White "Carroll, Mitchell"]
[Black "Caron, L.."]
[Result "1-0"]
[WhiteElo "1605"]
[BlackElo "1605"]
[PlyCount "147"]
[EventDate "1986.??.??"]

{5/(15)} 1. e4 c5 2. Nf3 Nc6 3. d4 cxd4 4. Nxd4 Nf6 5. Nc3 d6 6. Bb5 Bd7 7. Nb3
e5 8. Bg5 Be7 9. O-O h6 10. Nd2 hxg5 11. Nc4 a6 12. Ba4 b5 13. Nxd6+ Bxd6 14.
Qxd6 Qe7 15. Qxe7+ Nxe7 16. Bb3 Rc8 17. f3 a5 18. a3 Rc5 19. Rad1 Be6 20. Bxe6
fxe6 21. Rd2 Nc6 22. Rfd1 Ke7 23. Ne2 Rd8 24. c3 Rxd2 25. Rxd2 b4 26. a4 bxc3
27. Nxc3 Nd4 28. Na2 Rc2 29. Rd1 Rxb2 30. Nc3 Ne2+ 31. Nxe2 Rxe2 32. Rb1 Nd7
33. Rb5 g4 34. Rxa5 Re1+ 35. Kf2 g3+ 36. Kxg3 Kf6 37. Rb5 Ra1 38. a5 g5 39. Kg4
Ra2 40. Kg3 Kg6 41. Kh3 Kh5 42. g4+ Kg6 43. Kg3 Ra1 44. h3 Ra2 45. h4 gxh4+ 46.
Kxh4 Rh2+ 47. Kg3 Rh1 48. Kg2 Ra1 49. Rb7 Nc5 50. Ra7 Kg5 51. Kg3 Nd3 52. Rg7+
Kf6 53. Rd7 Rg1+ 54. Kh2 Rd1 55. a6 Rd2+ 56. Kg3 Ra2 57. Rxd3 Rxa6 58. f4 exf4+
59. Kxf4 e5+ 60. Kg3 Kg5 61. Rf3 Re6 62. Rf5+ Kg6 63. Kh4 Kh6 64. Rh5+ Kg6 65.
g5 Kg7 66. Kg4 Kg6 67. Rh6+ Kf7 68. Kf5 Rxh6 69. gxh6 Kg8 70. Kxe5 Kh7 71. Kf6
Kxh6 72. e5 Kh7 73. Kf7 Kh8 74. e6 1-0

[Event "Oakham YM"]
[Site "Oakham"]
[Date "1986.??.??"]
[Round "5"]
[White "Carr, Neil L"]
[Black "Finegold, Ben"]
[Result "1/2-1/2"]
[WhiteElo "2295"]
[BlackElo "2280"]
[PlyCount "84"]
[EventDate "1986.04.??"]

1. e4 c5 2. d4 cxd4 3. c3 Nf6 4. e5 Nd5 5. Nf3 d6 6. exd6 Qxd6 7. Nxd4 a6 8.
Bd3 e6 9. O-O Be7 10. Nd2 Bd7 11. Ne4 Qc7 12. Bc2 Nc6 13. Bg5 Bxg5 14. Nxg5 Nf6
15. Re1 O-O 16. Ne4 Nxe4 17. Rxe4 e5 18. Rh4 h6 19. Qd3 f5 20. Qc4+ Kh8 21. Ne6
Bxe6 22. Qxe6 Rf6 23. Qc4 Qb6 24. b4 Ne7 25. Rh3 Rc8 26. Qb3 Ng6 27. Re3 Qe6
28. Rae1 Nh4 29. Rg3 Rg6 30. f3 Qb6+ 31. Kf1 Rgc6 32. Qf7 R6c7 33. Qd5 Rxc3 34.
Bb3 f4 35. Rxg7 Kxg7 36. Qf7+ Kh8 37. Be6 Qc7 38. Qh5 Qg7 39. Qxh4 Re8 40. Bf5
Qg5 41. Qh3 Re7 42. Be4 Qf6 1/2-1/2

[Event "Kalamazoo (WMUSO/3/17)"]
[Site "?"]
[Date "1986.??.??"]
[Round "?"]
[White "Caron, L.."]
[Black "Weathers, J.."]
[Result "0-1"]
[WhiteElo "1605"]
[BlackElo "1605"]
[PlyCount "80"]
[EventDate "1986.??.??"]

{3/(17)} 1. c4 Nc6 2. Nc3 Nf6 3. Nf3 e6 4. d4 d5 5. c5 b6 6. cxb6 axb6 7. e3
Ba6 8. Bxa6 Rxa6 9. O-O Ne4 10. Qd3 Nb4 11. Qb5+ c6 12. Qe2 Qa8 13. a3 Bd6 14.
Nxe4 dxe4 15. Nd2 f5 16. Nc4 Bc7 17. Bd2 Nd3 18. b4 Qb8 19. g3 b5 20. Na5 Qa7
21. Qh5+ g6 22. Qh6 Kf7 23. Rab1 c5 24. dxc5 Nxc5 25. Rfc1 Nd3 26. Nc6 Qb7 27.
Nd4 Nxc1 28. Bxc1 Be5 29. Nb3 Qc7 30. Nc5 Rc6 31. Qh3 Kf6 32. Qf1 Rb8 33. Nb3
g5 34. Na5 Rc2 35. Qh3 Rxc1+ 36. Rxc1 Qxc1+ 37. Qf1 Rc8 38. Nb3 Qxf1+ 39. Kxf1
Ra8 40. Na5 f4 0-1

[Event "Kalamazoo (WMUSO/1/12)"]
[Site "?"]
[Date "1986.??.??"]
[Round "?"]
[White "Caron, L.."]
[Black "Ahmadi, R.."]
[Result "0-1"]
[WhiteElo "1605"]
[BlackElo "1950"]
[PlyCount "54"]
[EventDate "1986.??.??"]

{1/(12)} 1. e4 Nf6 2. Nc3 d5 3. Bd3 Nc6 4. Nf3 Bg4 5. O-O e5 6. h3 Bh5 7. Re1
d4 8. g4 Bg6 9. Ne2 Be7 10. Ng3 Qd7 11. a3 h5 12. Nf5 hxg4 13. hxg4 O-O-O 14.
Ng5 Nh7 15. Nxh7 Rxh7 16. Kg2 Rdh8 17. Kf3 Bxf5 18. gxf5 Rh3+ 19. Ke2 Rh2 20.
Rg1 Bh4 21. Rf1 g6 22. fxg6 Qg4+ 23. Ke1 Qg2 24. Qe2 fxg6 25. Bc4 Rf8 26. Be6+
Kd8 27. c3 Rxf2 0-1

[Event "Warren (MCO/1/56)"]
[Site "?"]
[Date "1986.??.??"]
[Round "?"]
[White "Calton, David W"]
[Black "Roberts, Kenneth"]
[Result "0-1"]
[WhiteElo "1605"]
[BlackElo "1710"]
[PlyCount "38"]
[EventDate "1986.??.??"]

{1/(56)} 1. e4 e6 2. d4 d5 3. Nd2 Nf6 4. e5 Nfd7 5. f4 c5 6. c3 a6 7. Ndf3 Nc6
8. Be3 Be7 9. Ne2 O-O 10. g3 cxd4 11. Bxd4 f6 12. Bg2 Qc7 13. exf6 Nxf6 14. O-O
Ng4 15. Nc1 Nxd4 16. Nxd4 Ne3 17. Nxe6 Bxe6 18. Qe2 Bc5 19. Rf3 Bg4 0-1

[Event "Warren (MCO/2/61)"]
[Site "?"]
[Date "1986.??.??"]
[Round "?"]
[White "Calton, David W"]
[Black "Nowicki, B.."]
[Result "1-0"]
[WhiteElo "1605"]
[BlackElo "1605"]
[PlyCount "53"]
[EventDate "1986.??.??"]

{2/(61)} 1. e4 e5 2. f4 Nc6 3. Nf3 d6 4. Bb5 Bd7 5. d3 g6 6. O-O a6 7. Bxc6
Bxc6 8. fxe5 dxe5 9. Nxe5 Qd4+ 10. Kh1 Qxe5 11. Bd2 Bd6 12. g3 f6 13. Bc3 Qe6
14. Qe2 O-O-O 15. Nd2 Be5 16. Qe3 Bxc3 17. bxc3 Ne7 18. d4 f5 19. Rae1 Qxa2 20.
d5 Bb5 21. Ra1 Qxc2 22. Rfc1 Qd3 23. Qa7 b6 24. c4 Kd7 25. cxb5 Qxd2 26. Rxc7+
Ke8 27. Rxe7+ 1-0

[Event "Warren (MCO/5/38)"]
[Site "?"]
[Date "1986.??.??"]
[Round "?"]
[White "Calton, David W"]
[Black "Iverson, B.."]
[Result "1-0"]
[WhiteElo "1605"]
[BlackElo "1655"]
[PlyCount "113"]
[EventDate "1986.??.??"]

{5/(38)} 1. e4 e6 2. d4 b6 3. Nd2 Bb7 4. Bd3 c5 5. c3 cxd4 6. cxd4 Nf6 7. Ne2
Bb4 8. f3 O-O 9. a3 Be7 10. O-O d5 11. e5 Nfd7 12. f4 f5 13. b4 Nc6 14. Bb2 a6
15. Nb3 b5 16. Nc5 Nxc5 17. dxc5 d4 18. Bc2 Qd5 19. Bb3 Qd7 20. Nxd4 Nxd4 21.
Bxd4 Rad8 22. Bf2 Qc6 23. Qf3 Qc8 24. Qe2 Kh8 25. Rad1 Qa8 26. Be3 Qc8 27. Rxd8
Rxd8 28. Rd1 Rxd1+ 29. Qxd1 Kg8 30. Qe2 g6 31. Qa2 Kf7 32. Qd2 Bc6 33. Qe2 Qd8
34. Qd1 Qxd1+ 35. Bxd1 Bd8 36. Bd2 Ke7 37. Kf2 Kd7 38. Bb3 Ke7 39. g3 Kf7 40.
Ke3 h6 41. Kd4 Ke7 42. Bc2 Kd7 43. Bd3 Be7 44. a4 Bd8 45. axb5 axb5 46. Be2 g5
47. h3 gxf4 48. Bxf4 Bg5 49. Bxg5 hxg5 50. Ke3 Ke7 51. Bf3 Be8 52. Kd4 Kd8 53.
c6 Kc7 54. Kc5 g4 55. hxg4 fxg4 56. Bxg4 Bxc6 57. Bxe6 1-0

[Event "Warren (MCO/1/52)"]
[Site "?"]
[Date "1986.??.??"]
[Round "?"]
[White "Calton, David A"]
[Black "Petty, M.."]
[Result "0-1"]
[WhiteElo "1605"]
[BlackElo "1730"]
[PlyCount "48"]
[EventDate "1986.??.??"]

{1/(52)} 1. e4 d6 2. d4 Nf6 3. Nc3 g6 4. Nf3 Bg7 5. g3 O-O 6. Bg2 Nc6 7. O-O
Bg4 8. Qd3 Qd7 9. Bg5 Nh5 10. Qb5 Qc8 11. d5 Bxf3 12. dxc6 bxc6 13. Qxc6 Bxg2
14. Kxg2 Qg4 15. Bxe7 Nf4+ 16. Kg1 Rfe8 17. e5 Bxe5 18. Rae1 Rab8 19. Qxc7 Rxb2
20. Qc4 Nh3+ 21. Kg2 Qxc4 22. Kxh3 Bxc3 23. Re3 Qxf1+ 24. Kg4 Rxc2 0-1

[Event "Warren (MCO/4/61)"]
[Site "?"]
[Date "1986.??.??"]
[Round "?"]
[White "Calton, David A"]
[Black "Kelly, M.."]
[Result "0-1"]
[WhiteElo "1605"]
[BlackElo "1605"]
[PlyCount "50"]
[EventDate "1986.??.??"]

{4/(61)} 1. e4 e5 2. Nf3 Nc6 3. Bc4 Nf6 4. Nc3 Bb4 5. O-O d6 6. a3 Bxc3 7. dxc3
O-O 8. Re1 Be6 9. Bxe6 fxe6 10. Bg5 h6 11. Bxf6 Qxf6 12. Qe2 Qf4 13. Qb5 Rab8
14. Qb3 Rf6 15. Qc4 Rg6 16. Kf1 Qg4 17. Ke2 Qf4 18. Rg1 d5 19. Qa4 dxe4 20. Nd2
b5 21. Qa6 Rd8 22. Rad1 Rf6 23. Rgf1 Qg4+ 24. Ke3 Nd4 25. Nxe4 Qe2# 0-1

[Event "Warren (MCO/3/60)"]
[Site "?"]
[Date "1986.??.??"]
[Round "?"]
[White "Calton, David A"]
[Black "Feldman, J.."]
[Result "0-1"]
[WhiteElo "1605"]
[BlackElo "1605"]
[PlyCount "70"]
[EventDate "1986.??.??"]

{3/(60)} 1. e4 e5 2. Nf3 Nc6 3. Nc3 Nf6 4. Bc4 Nxe4 5. Nxe4 d5 6. Bd3 dxe4 7.
Bxe4 Bg4 8. Bxc6+ bxc6 9. h3 Bxf3 10. Qxf3 Qd5 11. Qxd5 cxd5 12. O-O Bd6 13. d3
O-O 14. Be3 d4 15. Bd2 Rab8 16. b3 Bb4 17. Bxb4 Rxb4 18. Rfe1 f6 19. a3 Rb6 20.
a4 Rc6 21. Rac1 Rc3 22. f3 Rb8 23. g4 Rb6 24. Re2 Rbxb3 25. cxb3 Rxc1+ 26. Kf2
Rd1 27. Rc2 Rxd3 28. Rxc7 Rxb3 29. Rxa7 Rb2+ 30. Kg3 d3 31. Ra8+ Kf7 32. Ra7+
Ke6 33. Rxg7 d2 34. Rxh7 d1=Q 35. a5 Qe1# 0-1

[Event "Warren (MCO/6/57)"]
[Site "?"]
[Date "1986.??.??"]
[Round "?"]
[White "Calton, David A"]
[Black "Chrisman, D.."]
[Result "0-1"]
[WhiteElo "1605"]
[BlackElo "1605"]
[PlyCount "72"]
[EventDate "1986.??.??"]

{6/(57)} 1. e4 e6 2. Nf3 Nf6 3. Nc3 Bc5 4. Bc4 O-O 5. O-O d6 6. d3 Nc6 7. Bg5
e5 8. Qd2 h6 9. Bxf6 Qxf6 10. Rfe1 Qf4 11. Qxf4 exf4 12. Nd5 Bg4 13. Nxc7 Rab8
14. h3 Bxf3 15. gxf3 Nd4 16. Kf1 Nxc2 17. Rec1 Nxa1 18. Rxa1 Rbc8 19. Nd5 a6
20. Ne7+ Kh7 21. Nxc8 Rxc8 22. Bxf7 Bd4 23. Be6 Rc2 24. Bd5 Rxf2+ 25. Ke1 Rxb2
26. Rc1 Rh2 27. Be6 Rh1+ 28. Kd2 Be3+ 29. Ke2 Rxc1 30. h4 Rc2+ 31. Ke1 Rh2 32.
Kd1 g5 33. h5 Rxh5 34. Kc2 Rh2+ 35. Kc3 h5 36. Kc4 g4 $138 0-1

[Event "Warren (MCO/4/57)"]
[Site "?"]
[Date "1986.??.??"]
[Round "?"]
[White "Calton, Bill"]
[Black "Suess, J.."]
[Result "1-0"]
[WhiteElo "1605"]
[BlackElo "1605"]
[PlyCount "97"]
[EventDate "1986.??.??"]

{4/(57)} 1. e4 e6 2. f4 Nc6 3. Nf3 Be7 4. d4 b6 5. Bd3 Bb7 6. Be3 Nb4 7. Nc3 d5
8. exd5 Nxd5 9. Nxd5 Bxd5 10. O-O Nf6 11. f5 Ng4 12. Bd2 Qd6 13. g3 O-O-O 14.
Bf4 Qc6 15. c3 g5 16. fxg6 hxg6 17. Ne5 Nxe5 18. Bxe5 Bh1 19. Qe2 Rdf8 20. Bxh8
Rxh8 21. Rxf7 Bd6 22. Re1 Bd5 23. Be4 Qe8 24. Bxd5 Qd8 25. Qxe6+ Kb8 26. Bc6 a5
27. Qe8 Qxe8 28. Rxe8+ Rxe8 29. Bxe8 Kc8 30. Rg7 Bf8 31. Rxg6 Kd8 32. Bb5 Ke7
33. h4 Kf7 34. h5 Bd6 35. g4 Bf4 36. Bd3 Bc1 37. h6 Bxh6 38. Rxh6 a4 39. Kf2
Kg7 40. g5 Kf8 41. Rh7 c5 42. dxc5 bxc5 43. Kf3 Ke8 44. Kf4 Kf8 45. Kf5 a3 46.
Kf6 Ke8 47. g6 axb2 48. Bb1 Kf8 49. Rh8# 1-0

[Event "Warren (MCO/2/52)"]
[Site "?"]
[Date "1986.??.??"]
[Round "?"]
[White "Calton, Bill"]
[Black "Morrow, Chris"]
[Result "0-1"]
[WhiteElo "1605"]
[BlackElo "1605"]
[PlyCount "56"]
[EventDate "1986.??.??"]

{2/(52)} 1. e4 e5 2. Nf3 Nc6 3. Bc4 Bc5 4. O-O h6 5. Nc3 Nf6 6. d3 O-O 7. Be3
Bxe3 8. fxe3 d6 9. Qd2 Na5 10. Bd5 c6 11. Bb3 Nxb3 12. cxb3 Be6 13. d4 Qc7 14.
Qc2 Bg4 15. Rad1 Rfe8 16. h3 Bh5 17. Rd2 Bg6 18. dxe5 dxe5 19. Rfd1 Qb6 20. Kf2
Qb4 21. Kg1 Nxe4 22. Rd7 Nf6 23. R7d3 Bxd3 24. Rxd3 Qe7 25. e4 Rad8 26. Rxd8
Rxd8 27. Qf2 b6 28. Na4 Nxe4 0-1

[Event "Kalamazoo (WMUSO/2/5)"]
[Site "?"]
[Date "1986.??.??"]
[Round "?"]
[White "Bryant, Daniel"]
[Black "Koster, Ed"]
[Result "0-1"]
[WhiteElo "1900"]
[BlackElo "2145"]
[PlyCount "70"]
[EventDate "1986.??.??"]

{2/(5)} 1. Nf3 Nf6 2. d4 g6 3. c4 Bg7 4. Nc3 d5 5. Bg5 Ne4 6. Bf4 O-O 7. e3
Nxc3 8. bxc3 c5 9. Be2 Nc6 10. O-O dxc4 11. Bxc4 a6 12. a4 Qa5 13. Qb3 cxd4 14.
cxd4 Qh5 15. h3 Na5 16. Qc3 Nxc4 17. Qxc4 Bxh3 18. Nh2 Be6 19. Qc7 Bd5 20. Qxe7
Rfe8 21. Qg5 Qxg5 22. Bxg5 b5 23. axb5 axb5 24. Rab1 Reb8 25. Rfc1 b4 26. Rc5
Ba2 27. Rb2 Bf8 28. Rc7 Bd5 29. f3 b3 30. e4 Bd6 31. Rd7 Ra1+ 32. Nf1 Ba3 33.
Rxd5 Bxb2 34. Kf2 Bc3 35. Bd2 Rxf1+ 0-1

[Event "Kalamazoo (WMUSO/4/4)"]
[Site "?"]
[Date "1986.??.??"]
[Round "?"]
[White "Bryant, Daniel"]
[Black "Groeller, W.."]
[Result "0-1"]
[WhiteElo "1900"]
[BlackElo "2090"]
[PlyCount "94"]
[EventDate "1986.??.??"]

{4/(4)} 1. Nf3 Nf6 2. d4 d5 3. c4 e6 4. Nc3 Be7 5. Bg5 O-O 6. e3 Nbd7 7. Bd3 c5
8. O-O cxd4 9. Nxd4 Ne5 10. cxd5 exd5 11. Rc1 a6 12. a4 Nc6 13. Nce2 Nb4 14.
Bb1 Ne4 15. Bxe7 Qxe7 16. Bxe4 dxe4 17. Qb3 a5 18. Nf4 Ra6 19. Nd5 Nxd5 20.
Qxd5 Rh6 21. Rxc8 Rxc8 22. Nf5 Qe8 23. Nxh6+ gxh6 24. b3 b6 25. g4 Rc5 26. Qd6
Rc6 27. Qd5 Rg6 28. h3 Rg5 29. Qd6 h5 30. Kh2 hxg4 31. Rg1 h5 32. hxg4 hxg4 33.
Kg3 Rg6 34. Qc7 Rc6 35. Qf4 Kg7 36. Rh1 Rg6 37. Rh4 Qe6 38. Rxg4 f5 39. Rg5 Qf6
40. Qc7+ Kh6 41. Rxg6+ Kxg6 42. Qc4 Kh5 43. Kf4 Kg6 44. Qg8+ Kh6 45. Qc4 Kg7
46. Qd4 Kg6 47. Qc4 Qd6# 0-1

[Event "Kalamazoo (WMUSO/1/4)"]
[Site "?"]
[Date "1986.??.??"]
[Round "?"]
[White "Brown, Ralph"]
[Black "Fischvogt, Eric"]
[Result "0-1"]
[WhiteElo "1745"]
[BlackElo "2195"]
[PlyCount "54"]
[EventDate "1986.??.??"]

{1/(4)} 1. d4 Nf6 2. c4 g6 3. Nc3 d5 4. e3 Bg7 5. Nf3 O-O 6. c5 b6 7. b4 a5 8.
Rb1 axb4 9. Rxb4 Nc6 10. Ra4 Bf5 11. Bb5 Na5 12. Ne5 bxc5 13. dxc5 Ne4 14. Nxe4
Bxe5 15. Ng3 Be6 16. O-O c6 17. Bd3 Nc4 18. Ne2 Nb2 19. Bxb2 Bxb2 20. Rb4 Ba3
21. Rb6 Bd7 22. Qc2 Ra5 23. Rfb1 Bxc5 24. Ra6 Bd6 25. Nd4 c5 26. Rxa5 Qxa5 27.
Nb5 c4 0-1

[Event "Kalamazoo (WMUSO/3/9)"]
[Site "?"]
[Date "1986.??.??"]
[Round "?"]
[White "Brown, Ralph"]
[Black "DeRyke, S.."]
[Result "0-1"]
[WhiteElo "1745"]
[BlackElo "1910"]
[PlyCount "74"]
[EventDate "1986.??.??"]

{3/(9)} 1. d4 Nf6 2. c4 c5 3. e3 Nc6 4. d5 Ne5 5. Nf3 Nxf3+ 6. Qxf3 d6 7. h3 g6
8. Bd2 Bg7 9. Bc3 Bf5 10. Nd2 e5 11. e4 Bd7 12. b4 b6 13. Be2 O-O 14. O-O Nh5
15. Nb3 Nf4 16. Bd1 Qg5 17. Kh2 f5 18. Nd2 fxe4 19. Nxe4 Qe7 20. Qe3 Rf7 21.
Bd2 Raf8 22. g4 h5 23. gxh5 Bxh3 24. Rg1 Qh4 25. Qg3 Qe7 26. hxg6 Rf5 27. Bxf4
Rxf4 28. Ng5 Bd7 29. Kh1 Rxc4 30. Rg2 Rff4 31. Rh2 Rg4 32. Bxg4 Rxg4 33. Qh3
Qxg5 34. Qh7+ Kf8 35. Rh5 Qf4 36. Rg1 Qf3+ 37. Kh2 Qxf2+ 0-1

[Event "Warren (MCO/1/7)"]
[Site "?"]
[Date "1986.??.??"]
[Round "?"]
[White "Brooks, John"]
[Black "Wilke, J.."]
[Result "1-0"]
[WhiteElo "2175"]
[BlackElo "1630"]
[PlyCount "31"]
[EventDate "1986.??.??"]

{1/(7)} 1. d4 Nf6 2. c4 e5 3. dxe5 Ne4 4. a3 Nc6 5. Bf4 a5 6. Nd2 Nxd2 7. Qxd2
Bc5 8. Nf3 Qe7 9. e3 O-O 10. Bd3 Re8 11. Bc2 b6 12. Ng5 Nxe5 13. Bxh7+ Kh8 14.
Qe2 d6 15. Qh5 Nd3+ 16. Bxd3+ 1-0

[Event "Warren (MCO/5/6)"]
[Site "?"]
[Date "1986.??.??"]
[Round "?"]
[White "Brooks, John"]
[Black "Smith, Michael R"]
[Result "1-0"]
[WhiteElo "2175"]
[BlackElo "2000"]
[PlyCount "49"]
[EventDate "1986.??.??"]

{5/(6)} 1. Nf3 Nf6 2. b3 g6 3. Bb2 Bg7 4. e4 d6 5. Bc4 e5 6. O-O O-O 7. Nc3 c6
8. d4 Qc7 9. dxe5 dxe5 10. a4 b6 11. Qe2 Bb7 12. Ba3 c5 13. Nd5 Nxd5 14. exd5
e4 15. Ng5 Bxa1 16. d6 Qxd6 17. Nxf7 Rxf7 18. Rxa1 Kf8 19. Rd1 Qe7 20. Qe3 Nc6
21. Rd5 Nd4 22. Rxd4 Rf5 23. Qh6+ Ke8 24. Bb5+ Kf7 25. Rd7 1-0

[Event "Warren (MCO/3/7)"]
[Site "?"]
[Date "1986.??.??"]
[Round "?"]
[White "Brooks, John"]
[Black "Johnson, Ri"]
[Result "1/2-1/2"]
[WhiteElo "2175"]
[BlackElo "1990"]
[PlyCount "42"]
[EventDate "1986.??.??"]

{3/(7)} 1. d4 Nf6 2. c4 g6 3. Nc3 d5 4. cxd5 Nxd5 5. e4 Nxc3 6. bxc3 Bg7 7. Ba3
Nd7 8. Qb3 O-O 9. Rd1 Nb6 10. h3 Bd7 11. Bb5 Qe8 12. Bxd7 Qxd7 13. Ne2 Qa4 14.
O-O Qxb3 15. axb3 a5 16. Ng3 Rfe8 17. Rb1 a4 18. Bc5 Nd7 19. bxa4 b6 20. Ba3
Rxa4 21. Rb3 c5 1/2-1/2

[Event "Warren (MCO/6/40)"]
[Site "?"]
[Date "1986.??.??"]
[Round "?"]
[White "Bowie, J.."]
[Black "Robbins, Fred"]
[Result "0-1"]
[WhiteElo "1605"]
[BlackElo "1625"]
[PlyCount "120"]
[EventDate "1986.??.??"]

{6/(40)} 1. e4 Nf6 2. Nc3 d5 3. exd5 Nxd5 4. Nxd5 Qxd5 5. Qf3 e6 6. Qxd5 exd5
7. Nf3 Bd6 8. h3 O-O 9. Be2 Re8 10. d3 c5 11. c3 Bf5 12. d4 c4 13. Be3 Nd7 14.
O-O Nf6 15. Rae1 Ne4 16. Ng5 Nxg5 17. Bxg5 Re6 18. Bh5 Rae8 19. Rxe6 Rxe6 20.
Be3 b5 21. Re1 a5 22. Bd2 b4 23. Rxe6 fxe6 24. Bd1 Bb1 25. Ba4 Bxa2 26. Kf1 b3
27. Ke2 Bb1 28. g4 Bd3+ 29. Ke3 h6 30. Bxb3 Bf4+ 31. Kxf4 cxb3 32. Ke5 Kf7 33.
Kd6 a4 34. Bc1 g5 35. Kc5 Bf1 36. Kb4 Bxh3 37. Kxa4 Bxg4 38. Kxb3 Kf6 39. f4
Bd1+ 40. Ka3 g4 41. b4 Be2 42. Ka4 h5 43. b5 Bxb5+ 44. Kxb5 h4 45. Be3 h3 46.
Bg1 g3 47. c4 dxc4 48. Kxc4 h2 49. Be3 h1=Q 50. Kc3 g2 51. d5 exd5 52. Bd4+ Kf5
53. Kb4 g1=Q 54. Bxg1 Qxg1 55. Kb3 Kxf4 56. Kc2 Ke3 57. Kc3 Qc1+ 58. Kb3 Kd4
59. Ka4 Kc4 60. Ka5 Qb2 0-1

[Event "Warren (MCO/5/32)"]
[Site "?"]
[Date "1986.??.??"]
[Round "?"]
[White "Bowie, J.."]
[Black "Harma, K.."]
[Result "0-1"]
[WhiteElo "1605"]
[BlackElo "1780"]
[PlyCount "66"]
[EventDate "1986.??.??"]

{5/(32)} 1. e4 c5 2. Nf3 Nc6 3. Bb5 Nd4 4. Nxd4 cxd4 5. O-O a6 6. Ba4 b5 7. Bb3
e6 8. Qe2 Bb7 9. d3 Qc7 10. Qd2 Bd6 11. g3 Ne7 12. c3 Nc6 13. a4 b4 14. cxb4
Bxb4 15. Qc2 O-O 16. Bd2 Bd6 17. Na3 f5 18. Nc4 f4 19. Nxd6 Qxd6 20. Bxf4 Rxf4
21. gxf4 Qxf4 22. f3 Rf8 23. Qe2 Ne5 24. Bd1 a5 25. Rb1 Ba6 26. Bc2 Nxf3+ 27.
Kh1 d5 28. exd5 Bb7 29. Qxe6+ Kh8 30. Rf2 Qe3 31. Qxe3 dxe3 32. Re2 Bxd5 33.
Rg1 Nh4+ 0-1

[Event "Warren (MCO/2/26)"]
[Site "?"]
[Date "1986.??.??"]
[Round "?"]
[White "Bowie, J.."]
[Black "Accad, W.."]
[Result "0-1"]
[WhiteElo "1605"]
[BlackElo "1915"]
[PlyCount "76"]
[EventDate "1986.??.??"]

{2/(26)} 1. e4 e6 2. d4 d5 3. exd5 exd5 4. Nf3 Bd6 5. h3 Bf5 6. Nc3 c6 7. Bd3
Bxd3 8. Qxd3 h6 9. O-O Ne7 10. a3 Nd7 11. Be3 O-O 12. Ne2 Rc8 13. Bf4 Qc7 14.
Rfe1 Ng6 15. Bxd6 Qxd6 16. Qb3 b6 17. Qb4 c5 18. dxc5 bxc5 19. Qd2 Rfe8 20. c4
d4 21. Nc3 Nge5 22. Nxe5 Rxe5 23. Nb5 Qb8 24. Rxe5 Nxe5 25. f4 Nxc4 26. Qd3
Qxb5 27. a4 Qxb2 28. Re1 Ne3 29. Re2 Qa1+ 30. Kf2 c4 31. Qd2 Qf1+ 32. Kg3 Qg1
33. Kf3 Rd8 34. Re1 Qxg2+ 35. Qxg2 Nxg2 36. Kxg2 d3 37. Kf2 c3 38. Ke3 Re8+ 0-1

[Event "Warren (MCO/4/37)"]
[Site "?"]
[Date "1986.??.??"]
[Round "?"]
[White "Boldrick, Thomas"]
[Black "Schell, Ken"]
[Result "1-0"]
[WhiteElo "1605"]
[BlackElo "1680"]
[PlyCount "69"]
[EventDate "1986.??.??"]

{4/(37)} 1. e4 d5 2. exd5 Nf6 3. Nc3 Nxd5 4. Bb5+ Bd7 5. Qf3 Nxc3 6. Bxd7+ Qxd7
7. Qxb7 Qe6+ 8. Kf1 Qa6+ 9. Qxa6 Nxa6 10. dxc3 Rb8 11. b4 e5 12. Be3 Rb7 13.
Nf3 f6 14. g3 Be7 15. Nd2 O-O 16. Nc4 c5 17. h3 Rc8 18. Na5 Rd7 19. b5 Nb8 20.
c4 Bd8 21. Nb3 Bb6 22. Kg2 Rcd8 23. Bxc5 Bxc5 24. Nxc5 Rd2 25. Rhe1 Rc8 26. Nb3
Rd7 27. c5 a6 28. a4 Rd5 29. Red1 Rcd8 30. Rxd5 Rxd5 31. c6 Nxc6 32. bxc6 Rd8
33. c4 Kf7 34. Na5 Ke7 35. Rb1 1-0

[Event "Warren (MCO/3/36)"]
[Site "?"]
[Date "1986.??.??"]
[Round "?"]
[White "Boldrick, Thomas"]
[Black "Harma, K.."]
[Result "0-1"]
[WhiteElo "1605"]
[BlackElo "1780"]
[PlyCount "78"]
[EventDate "1986.??.??"]

{3/(36)} 1. e4 c5 2. Nc3 Nc6 3. f4 d6 4. Nf3 g6 5. Bc4 Bg7 6. d3 e6 7. O-O Nge7
8. Qe1 O-O 9. f5 exf5 10. exf5 Nxf5 11. Bg5 Qa5 12. Nh4 Ne5 13. Bd5 Qb4 14. Be4
Qxb2 15. Nxf5 Bxf5 16. Bxf5 gxf5 17. Rxf5 Nf3+ 18. Rxf3 Bxc3 19. Rb1 Rfe8 20.
Be3 Bxe1 21. Rxb2 Bc3 22. Rg3+ Kh8 23. Rb1 Rxe3 24. Rxe3 Bd4 25. Rbe1 Re8 26.
Kf2 Kg7 27. Kf3 Rxe3+ 28. Rxe3 Bxe3 29. Kxe3 Kf6 30. Kf4 b5 31. g4 a5 32. h3 d5
33. h4 c4 34. d4 b4 35. Ke3 a4 36. Kd2 h5 37. gxh5 Kg7 38. c3 b3 39. a3 f5 0-1

[Event "Warren (MCO/6/25)"]
[Site "?"]
[Date "1986.??.??"]
[Round "?"]
[White "Boldrick, Thomas"]
[Black "Haakonstad, Olaf"]
[Result "0-1"]
[WhiteElo "1605"]
[BlackElo "1820"]
[PlyCount "74"]
[EventDate "1986.??.??"]

{6/(25)} 1. e4 e5 2. Nf3 Nc6 3. Bb5 a6 4. Ba4 Nf6 5. Nc3 b5 6. Bb3 Be7 7. O-O
O-O 8. d3 Bb7 9. Bg5 h6 10. Bd2 d6 11. Ne2 Nb8 12. Ng3 Re8 13. Nf5 Bf8 14. N3h4
d5 15. Qf3 Kh7 16. Qg3 Nh5 17. Qg4 g6 18. Ng3 Nf6 19. Qe2 Re7 20. Bb4 Rd7 21.
Bxf8 Qxf8 22. f4 Qc5+ 23. Kh1 dxe4 24. dxe4 Nc6 25. fxe5 Qxe5 26. Qf2 Ng4 27.
Qf3 Qh5 28. Rad1 Qxh4 29. h3 Nce5 30. Rxd7 Nxf3 31. Rxf7+ Kh8 32. R1xf3 Ne5 33.
Rf8+ Rxf8 34. Rxf8+ Kh7 35. Kh2 c5 36. Be6 Qe7 37. Rf7+ Nxf7 0-1

[Event "Warren (MCO/6/14)"]
[Site "?"]
[Date "1986.??.??"]
[Round "?"]
[White "Bolda, M.."]
[Black "Everett, Morgan"]
[Result "0-1"]
[WhiteElo "1790"]
[BlackElo "2050"]
[PlyCount "56"]
[EventDate "1986.??.??"]

{6/(14)} 1. c4 e5 2. Nc3 Nc6 3. g3 g6 4. Bg2 Bg7 5. e3 Nge7 6. Nge2 O-O 7. O-O
d6 8. a3 Be6 9. b3 d5 10. cxd5 Nxd5 11. Bb2 Na5 12. Nxd5 Bxd5 13. Bxd5 Qxd5 14.
b4 Nc6 15. Nc3 Qd7 16. Qc2 f5 17. Ne2 Rad8 18. Rad1 Qd3 19. Qxd3 Rxd3 20. Bc3
Rfd8 21. Rfe1 e4 22. Nf4 R3d6 23. Rc1 Bxc3 24. dxc3 Ne5 25. Rc2 Nf3+ 26. Kf1
Nxe1 27. Kxe1 Rd1+ 28. Ke2 Ra1 0-1

[Event "Warren (MCO/5/13)"]
[Site "?"]
[Date "1986.??.??"]
[Round "?"]
[White "Bolda, M.."]
[Black "Daniel, Aaron"]
[Result "1/2-1/2"]
[WhiteElo "1790"]
[BlackElo "2100"]
[PlyCount "58"]
[EventDate "1986.??.??"]

{5/(13)} 1. c4 c5 2. Nc3 g6 3. g3 Bg7 4. Bg2 Nc6 5. e3 d6 6. Nge2 Nf6 7. O-O
O-O 8. a3 Rb8 9. d4 a6 10. Qc2 Bf5 11. e4 Bg4 12. dxc5 dxc5 13. Bf4 e5 14. Bg5
h6 15. Bxf6 Bxf6 16. Nd5 Bg7 17. f3 Be6 18. Rad1 Nd4 19. Nxd4 exd4 20. Rf2 Qd6
21. f4 Bxd5 22. e5 Qd7 23. Bxd5 Qe7 24. Qe2 b5 25. b3 bxc4 26. bxc4 Rb3 27. Rf3
Rfb8 28. Rxb3 Rxb3 29. Rd3 Rb1+ 1/2-1/2

[Event "Warren (MCO/2/7)"]
[Site "?"]
[Date "1986.??.??"]
[Round "?"]
[White "Bolda, M.."]
[Black "Baudry, Pascal"]
[Result "0-1"]
[WhiteElo "1790"]
[BlackElo "2155"]
[PlyCount "66"]
[EventDate "1986.??.??"]

{2/(7)} 1. c4 Nf6 2. Nc3 g6 3. g3 Bg7 4. Bg2 O-O 5. d4 d6 6. e3 c6 7. Nge2 e5
8. O-O a5 9. Bd2 Na6 10. a3 Bd7 11. Re1 Re8 12. Qc2 Qc7 13. Rad1 Rad8 14. h3 h5
15. Nc1 Nh7 16. d5 f5 17. e4 Nf6 18. f3 h4 19. gxh4 f4 20. Kh2 cxd5 21. cxd5
Nh5 22. N1e2 Bf6 23. Rg1 Bxh4 24. Bf1 Kg7 25. Be1 Bxe1 26. Rxe1 Rh8 27. Qd3 Qc8
28. Nd1 Nc5 29. Qc3 Ng3 30. Nxf4 Nxf1+ 31. Rexf1 Bxh3 32. Rxg6+ Kf7 33. Rg3
Bxf1+ 0-1